Esteban Lisa (Record no. 3283)

MARC details
000 - LÍDER
campo de control de longitud fija 01113nam a2200241Ia 4500
008 - ELEMENTOS DE DATOS DE LONGITUD FIJA - INFORMACIÓN GENERAL
campo de control de longitud fija 0000001998 uy a 0000000000spa00
090 ## - NÚMERO DE LLAMADA DE TIPO LC LOCALMENTE ASIGNADO (OCLC)
Número de clasificación (OCLC) (R) PSP00 P27e1
100 1# - ENTRADA PRINCIPAL - NOMBRE PERSONAL
Nombre de la persona Perazzo, Nelly
245 10 - TÍTULO DECLARACIÓN
Título Esteban Lisa
Resto del título : retrospectiva = a retrospective
Declaración de responsabilidad / Nelly Perazzo, Edward J. Sullivan ; fotografías Caldarella & Banchero, José Cristelli
260 ## - PUBLICACIÓN, DISTRIBUCIÓN
Lugar de publicación Montevideo : Museo Torres García
Fecha de publicación 1998
300 ## - DESCRIPCIÓN FÍSICA
Alcance 36 p.
Dimensiones / 21 cm.
500 ## - NOTA GENERAL
Nota general Exposición realizada en Museo Torres García, Montevideo, Agosto 6 Septiembre 5, 1998 \ Con el patronazgo del maestro venezolano Jesús Rafael Soto (q.e.p.d.) \ Registro auspiciado por el IDCT. Bogotá
505 ## - NOTA DE CONTENIDO FORMATEADA
Nota sobre el contenido formateado Un artista recuperado / Nelly Perazzo Esteban Lisa : una mirada desde afuera / Edward J. Sullivan
600 00 - ENTRADA DE SUJETO AÑADIDO - NOMBRE PERSONAL
Nombre de la persona LISA, ESTEBAN, 18951983/
Subdivisión general TRABAJOS PICTORICOS
650 14 - ENTRADA DE SUJETO AÑADIDO - TÉRMINO TÓPICO
Término tópico o elemento de entrada del nombre geográfico ARTE CONTEMPORANEO ESPAÑOL
650 14 - ENTRADA DE SUJETO AÑADIDO - TÉRMINO TÓPICO
Subdivisión general CATALOGOS
650 14 - ENTRADA DE SUJETO AÑADIDO - TÉRMINO TÓPICO
Subdivisión general EXPOSICIONES
650 14 - ENTRADA DE SUJETO AÑADIDO - TÉRMINO TÓPICO
Término tópico o elemento de entrada del nombre geográfico PINTORES ESPAÑOLES
650 14 - ENTRADA DE SUJETO AÑADIDO - TÉRMINO TÓPICO
Término tópico o elemento de entrada del nombre geográfico PINTURA ABSTRACTA ESPAÑOLA
650 14 - ENTRADA DE SUJETO AÑADIDO - TÉRMINO TÓPICO
Término tópico o elemento de entrada del nombre geográfico PINTURA ESPAÑOLA
700 1# - ENTRADA AGREGADA - NOMBRE PERSONAL
Nombre de la persona Cristelli, José
710 ## - ENTRADA AGREGADA - NOMBRE CORPORATIVO
Nombre corporativo o nombre de jurisdicción como elemento de entrada Caldarella & Banchero
Holdings
Estado de retirada Pérdida de estatus Estado dañado No para préstamo Código de recogida Ubicación permanente Ubicación actual Ubicación de las estanterías Fecha de adquisición Número de llamada completo Código de barras Fecha de la última vez que se vio Número de copia Precio efectivo desde Tipo de artículo Koha
        General ArtNexus ArtNexus General 06/09/2022 P-SP-00 P27E1 3286 06/09/2022 Ej.1 06/09/2022 Libro

Powered by Koha